000 00354nam a2200157Ia 4500
999 _c6206
_d6206
003 OSt
005 20190921195653.0
008 190906s9999||||xx |||||||||||||| ||und||
020 _a978-1118411100
040 _cmaju
100 _aAnton,Howard
245 0 _aCalculus
260 _aNew Delhi
_bAddison - Wesley
_c1919
300 _a1129
942 _cBK
_2ddc